000 00649nam a2200181 a 4500
001 000016986
005 20250607073643.0
008 100312s19uu dr 000 0 spa d
040 _aDO-SdBNP
_bspa
_cBNPHU
082 _axxx
_bE82m
110 1 _aRepública Dominicana.
_b Secretaria de Estado de Salud Pública y Asistencia Social (2001)
_956549
245 1 0 _aEstrategia de mercadeo de los equipos de salud familiar en la DMS Centro.
260 _aSanto Domingo :
_bCONAPOFA,
_c[19--?].
300 _a[131 p.] ;
_c21 cm.
490 1 _aCuadernos de población y familia
_v7
830 0 _aCuadernos de población y familia
_n7
_937527
049 _aBNPD
999 _c16514
_d16514